Tilastot visalle Pikselöity Euroopan kartta

Klikkaa tästä pelataksesi tätä visaa!

Yleistilastot

  • Tätä visaa on pelattu 765 kertaa
  • Keskiarvotulos 266 / 279

Vastaukset kartalla

Vastauksille on annettu kartalla punavihreä väri sen mukaan, kuinka moni on saanut sen oikein.
Ladataan ...
 

Vastaustilastot

Valtio% Oikein
Suomi
100%
Venäjä
98%
Espanja
98%
Norja
98%
Ruotsi
98%
Ukraina | Venäjä
98%
Saksa
97%
Liettua
97%
Latvia
97%
Viro
97%
Ranska
97%
Islanti
97%
Italia
96%
Puola
96%
Irlanti
96%
Portugali
95%
Yhdistynyt kuningaskunta
95%
Tanska
95%
Alankomaat
94%
Kreikka
94%
Valko-Venäjä
93%
Belgia
91%
Ukraina
90%
Sveitsi
90%
Slovakia
88%
Tšekki
87%
Itävalta
86%
Slovenia
85%
Romania
84%
Unkari
84%
Kroatia
82%
Bulgaria
78%
Serbia
78%
Bosnia ja Hertsegovina
76%
Moldova
71%
Kosovo
70%
Montenegro
69%

Tulosjakauma

Persentiili vastausten määrän mukaan

Jokaisen tuloksen saaneiden osuus

Tuloshistoriasi

Et ole pelannut tätä visaa